Energy and ceranmics. Proceedings of the 4th international meeting on modern ceramics technologie : Saint-Vincent, Italy. 28.- 31. May 1979 /

Saved in:
Bibliographic Details
Other Authors: Vincenzini, P. (Compiler)
Format: Book
Language:English
Published: Amsterdam : Elsevier, 1980
Tags: Add Tag
No Tags, Be the first to tag this record!

MARC

LEADER 00000nam a22000003a 4500
001 stu93459
005 20150617225614.3
008 050318s1980----ne------------------eng-d
040 |a STU  |b slo 
041 0 |a eng 
044 |a ne 
080 |a 621.31 
080 |a 666.3 
080 |a 061.3(08) 
100 1 |a Vincenzini, P.  |4 com 
245 1 |a Energy and ceranmics. Proceedings of the 4th international meeting on modern ceramics technologie :  |b Saint-Vincent, Italy. 28.- 31. May 1979 /  |c Ed.: Vincenzini 
260 |a Amsterdam :  |b Elsevier,  |c 1980 
300 |a 1292 s 
996 |b E47846  |c E*47846  |l EE05  |s P  |a 0  |w stu93459_0001